000
00289nam a2200133Ia 4500
008
240624s9999 xx 000 0 und d
041
_a
eng
082
_a
346.07 TAX
100
_a
TAXMANN
245
_a
COMPANY LAW
260
_c
2015
_a
New Delhi
_b
Taxmann
365
_c
RS
_b
30
440
_v
5
999
_c
27673
_d
27673